00570pab a2200157 454500008004000000100002200040245013700062260000900199300001200208362000900220650001500229773003700244909001000281999001700291952010400308180718b1997 xxu||||| |||| 00| 0 eng d aFisher, Robert M. aA guide to Wilberland: some common misunderstandings of the critics of Ken Wilber and his work on transpersonal theory prior to 1995 c1997 ap.30-73 aFall aPsychology aJournal of Humanistic Psychology a35967 c35967d35967 00104070aIIPAbIIPAd2018-07-19hVolume no: 37, Issue no: 4pAR36232r2018-07-19w2018-07-19yAR